000 00354nam a22001217a 4500
008 180522b xxu||||| |||| 00| 0 eng d
041 _aeng
080 _a043.3
100 _a0
101 _aINI-BA
245 _aKrahasimi i Bazes Ligjore vendore me direktivat e BE-se per mbrojtje dhe siguri ne pune ne sektorin e Ndertimit
_cAdemaj, N
942 _2udc
_cBK
999 _c46234
_d46234